00000000nam 2200000zi 4500
0019.926440
003CaOODSP
00520250312073926
006m     o  d f      
007cr |n|||||||||
008230822e202309  onc     o    f000 0 eng d
020 |a9780660675916
040 |aCaOODSP|beng|erda|cCaOODSP
043 |an-cn---
0861 |aH164-354/2023E-PDF
24500|aDraft guidance document : |bpre-market guidance for machine learning-enabled medical devices.
264 1|aOttawa, ON : |bHealth Canada = Santé Canada, |cSeptember 2023.
264 4|c©2023
300 |a1 online resource (17 pages)
336 |atext|btxt|2rdacontent
337 |acomputer|bc|2rdamedia
338 |aonline resource|bcr|2rdacarrier
500 |aIssued also in French under title: Ébauche des lignes directrices préalables à la mise en marché pour les instruments médicaux fondés sur l'apprentissage machine.
650 0|aMedical instruments and apparatus|xGovernment policy|zCanada.
650 0|aMachine learning|xGovernment policy|zCanada.
7101 |aCanada. |bHealth Canada, |eissuing body.
77508|tÉbauche des lignes directrices préalables à la mise en marché pour les instruments médicaux fondés sur l'apprentissage machine.|w(CaOODSP)9.926441
85640|qPDF|s688 KB|uhttps://publications.gc.ca/collections/collection_2023/sc-hc/H164-354-2023-eng.pdf
8564 |qHTML|sN/A|uhttps://www.canada.ca/en/health-canada/services/drugs-health-products/medical-devices/application-information/guidance-documents/pre-market-guidance-machine-learning-enabled-medical-devices.html